| 000 | 02313nam a22004097a 4500 | ||
|---|---|---|---|
| 005 | 20170923020002.0 | ||
| 008 | 140226b2013 ck ||||| |||| 00| 0 spa d | ||
| 020 | _a9789588343914 | ||
| 041 | _aspa | ||
| 044 | _ack | ||
| 082 |
_a597.176 _bL347r |
||
| 245 | 1 | 0 |
_aRayas de agua dulce (potamotrygonidae) de Suramérica Parte I : _bColombia, Venezuela, Ecuador, Perú, Brasil, Guyana, Surinam y Guyana Francesa: diversidad, bioecología, uso y conservación _cEditado por Carlos Lasso ...[et al]. |
| 260 |
_aBogotá _bInstituto de Investigación de Recursos Biológicos Alexander von Humboldt _c2013 |
||
| 300 |
_a 368 p. _bfot. (col), tablas, mapas _c25 cm. |
||
| 490 |
_aRecursos hidrobiológicos y pesqueros continentales de Colombia _v9 |
||
| 505 | _a1. Biogeografía de las rayas de agua dulce (Potamotrygonidae) de América del Sur. Pag. 39 | ||
| 505 | _a2. Historia de la investigación de las rayas de agua dulce (Potamotrygonidae): estado actual del conocimiento. Pag. 49 | ||
| 505 | _a3. Aspectos metodológicos Pag. 63 | ||
| 505 | _a4. Caves para la identificación de las rayas de agua dulce (Potamotrygonidae). Pag. 111 | ||
| 505 | _a5. Catálogo de especies. Pag. 129 | ||
| 505 | _a6. Sistemática y citogenética: estado actual, limitaciones y alcances. Pag. 281 | ||
| 505 | _a7. Marco normativo y comercialización de las rayas de agua dulce (Potamotrygonidae) en el norte de América del Sur. Pag. 311 | ||
| 505 | _a8. Envenenamientos causados por rayas de agua dulce (Potamotrygonidae) en Brasil, con notas sobre países vecinos (Colombia, Venezuela y Ecuador): implicaciones en la salud pública. Pag. 343 | ||
| 505 | _a9. Conclusiones y recomendaciones para la conservación. Pag. 363 | ||
| 650 | 6 |
_aPeces _zAmérica del Sur _911431 |
|
| 650 | 6 |
_aEcología animal _911432 |
|
| 650 | 6 |
_aBiología animal _911433 |
|
| 650 | 6 |
_aPeces de agua dulce _zAmérica del Sur _911434 |
|
| 650 | 6 |
_aRayas _zAmérica del Sur _911435 |
|
| 650 | 6 |
_aPotamotrygonidae _zAmérica del Sur _911436 |
|
| 650 | 6 |
_aIctiología _911437 |
|
| 700 | 1 |
_aLasso-Alcalá, Carlos A. _eed. _911438 |
|
| 700 | 1 |
_aSánchez-Duarte, Maria Paula _eed. _91968 |
|
| 700 | 1 |
_aAgudelo-Córdoba, Edwin _eed. _911439 |
|
| 700 | 1 |
_95946 _aMorales-Betancourt, Mónica _eeditora |
|
| 942 |
_2ddc _cImpreso _02 |
||
| 999 |
_c8155 _d8155 |
||